000
00325pam a2200145 a 4500
020
_c
041
_h
082
_a
741.6
_b
CUL
100
_a
Cheryl Dangel Cullen.
245
_a
Large Graphics
_b
Large Graphics
_h
Textual Documents
250
_a
2000.
260
_a
[s.l]:
_b
Rockport
300
_a
174:
_b
Hard.
930
_a
703
999
_c
234493
_d
234493